000 00316nam a2200133Ia 4500
005 20260328104251.0
008 260328s9999||||xx |||||||||||||| ||und||
100 _aKrier, Rob
245 0 _aEl Espacio Urbano /
_cRob Krier
250 _aOriginal
260 _bGustavo Gili
650 _aDISEÑO URBANO
942 _cBK
999 _c10240
_d10240